| 000 | 01113nam a22002897a 4500 | ||
|---|---|---|---|
| 001 | BD-DhSAU 8665 | ||
| 003 | BD-DhSAU | ||
| 005 | 20180319154503.0 | ||
| 008 | 150613b2016 bg a|||| m||| 00| 0 eng d | ||
| 040 | _aBD-DhSAU | ||
| 082 |
_222 _a595.7 _bSi132 |
||
| 100 |
_aSiddik , Md. Abu Bakker _4Registration No. #15-06946 |
||
| 245 |
_aEvaluation of some IPM tools against the infestation of Guava fuit fly (bactrocera dorsalis) in Guava orchard/ _cSiddik , Md. Abu Bakker _bMs Thesis |
||
| 260 |
_aSher-e-Bangla Agricultural University : _bDepartment of Entomology, _c2016. |
||
| 300 |
_av, 57 p. : _bill. ; _c30 cm. |
||
| 500 | _aMS thesis of Department of Entomology, Faculty of Agriculture, Sher-e-Bangla Agricultural University, Dhaka, Bangladesh | ||
| 504 | _aIncludes bibliographical references. | ||
| 590 | _aShofi | ||
| 650 | _aEntomology | ||
| 650 | _aGuava fruit fly (bactrocera dorsalis) | ||
| 650 | _aGuava orchard | ||
| 650 | _aIPM tools | ||
| 650 | _aEvaluation | ||
| 700 |
_aRahman , Md. Mizanur _eSuperviser |
||
| 700 |
_aSakhawat , Mohammed _eCo-superviser |
||
| 942 |
_2ddc _cTHESIS |
||
| 999 |
_c14260 _d14259 |
||